000 00264nam a22001217a 4500
008 181126b xxu||||| |||| 00| 0 eng d
041 _aeng
080 _a043.3
100 _a0
101 _aBTH-MBE
245 _aLondon Music Centre
_cShabani, S
942 _2udc
_cBK
999 _c52504
_d52504